000 00343nam a22001217a 4500
008 230508b xxu||||| |||| 00| 0 eng d
082 _2342
_a.67
_bKNA
100 _d1997
245 _aReport of the Select Committee Reviewing the Constitution of Kenya Review Act ,1997
300 _a278p.
650 _2Constitution of Kenya Review
942 _2ddc
_cBK
999 _c9
_d9